000 00987nam a2200253Ia 4500
003 OSt
005 20221005105148.0
006 a|||||r|||| 00| 0
007 ta
008 221004b |||||||| |||| 00| 0 hin d
020 _a9788179752371 (hbk)
_c600
024 _a100032
037 _b400, 22/03/2010, Swaraj Prakashan
_cTextual
040 _aCRL
_cCRL
_bhin
041 _2hin
_ahin
082 _aY5927.2, 152P8
100 _aचौधरी, उमा शंकर, संपा.
_9160210
245 0 _aहाशिये की वैचारिकी
246 _aHāshiye kī vaichārikī
260 _aनई दिल्ली
_bअनामिका पब्लिशर्स एंड डिस्ट्रीब्यूटर्स भारत
_c2008
300 _a351पृ0
_ccm.
942 _hY5927.2, 152P8
_cTEXL
_2cc
999 _c1014968
_d1014968